[Event "March To Spring"]
[Site "SchemingMind.com"]
[Date "2017.04.26"]
[Round "-"]
[White "Wojtek26"]
[Black "Kenny Elliott"]
[Result "1-0"]
[WhiteCountry "POL"]
[BlackCountry "USA"]
[WhiteElo "1603"]
[WhiteRD "50"]
[BlackElo "1537"]
[BlackRD "71"]
[GameID "413280"]

1. e4 c5 2. Nf3 d6 3. Bc4 Nf6 4. Nc3 Bg4 5. h3 Bxf3 6. Qxf3 Nbd7 7. O-O g6 8. Nd5 Bg7 9. d3 Nxd5 10. Bxd5 O-O
11. Bxb7 Rb8 12. Bd5 Bxb2 13. Bxb2 Rxb2 14. Bb3 Ne5 15. Qe3 Kh8 16. Qc1 Rxb3 17. axb3 Qb6 18. f4 c4+ 19. Kh1 Nxd3 20. cxd3 cxb3
21. Rb1 a5 22. Qa3 Qb4 23. Qxb3 Qxb3 24. Rxb3 Ra8 25. Rb7 a4 26. Rxe7 Kg7 27. Rd7 a3 28. Rxd6 a2 29. Ra1 h5 30. Rb6 Ra3
31. d4
1-0

[Event "March To Spring"]
[Site "SchemingMind.com"]
[Date "2017.04.26"]
[Round "-"]
[White "Kenny Elliott"]
[Black "newfischer78"]
[Result "0-1"]
[WhiteCountry "USA"]
[BlackCountry "USA"]
[WhiteElo "1571"]
[WhiteRD "73"]
[BlackElo "1635"]
[BlackRD "85"]
[GameID "413281"]

1. d4 d5 2. c4 c6 3. Nc3 Nf6 4. Nf3 e6 5. Bg5 Be7 6. e3 Ne4 7. Bxe7 Qxe7 8. Nxe4 dxe4 9. Nd2 Nd7 10. Nxe4 Nf6
11. Bd3 Nxe4 12. Bxe4 Qb4+ 13. Ke2 Qxc4+ 14. Bd3 Qd5 15. Qc2 g6 16. Rhg1 e5 17. dxe5 Qxe5 18. h3 Bf5 19. Bxf5 gxf5 20. f4 Qb5+
21. Kf2 O-O-O 22. Rad1 Rhe8 23. Rxd8+ Rxd8 24. g4 Qa5 25. a3 Rd2+ 26. Qxd2 Qxd2+ 27. Kf3 fxg4+ 28. Rxg4 Qxb2 29. Rg7 Qxg7
0-1

[Event "March To Spring"]
[Site "SchemingMind.com"]
[Date "2017.04.26"]
[Round "-"]
[White "newfischer78"]
[Black "Kenny Elliott"]
[Result "0-1"]
[WhiteCountry "USA"]
[BlackCountry "USA"]
[WhiteElo "1635"]
[WhiteRD "85"]
[BlackElo "1571"]
[BlackRD "73"]
[GameID "413282"]

1. e4 c5 2. d4 cxd4 3. Nf3 Nc6 4. Bc4 f6 5. e5 Qa5+ 6. Bd2 Qc5 7. Bxg8 Rxg8 8. exf6 gxf6 9. O-O d6 10. Re1 Bg4
11. c3 Qd5 12. cxd4 Bxf3 13. Qxf3 Qxf3
0-1

[Event "March To Spring"]
[Site "SchemingMind.com"]
[Date "2017.05.06"]
[Round "-"]
[White "Mitch The Man"]
[Black "mikestefan1982"]
[Result "1/2-1/2"]
[WhiteCountry "USA"]
[BlackCountry "ENG"]
[WhiteElo "1428"]
[WhiteRD "59"]
[BlackElo "1638"]
[BlackRD "75"]
[GameID "413705"]

1. e4 e5 2. Nf3 Nf6 3. Bd3 Bc5 4. h3 O-O 5. O-O Nc6 6. c3 Re8 7. b4 Bb6 8. Bc2 d5 9. Qe1 d4 10. Qe2 Nh5
11. d3 dxc3 12. Nxc3 Nxb4 13. a3 Nc6 14. Nd5 Be6 15. Nxb6 axb6 16. Be3 Nf4 17. Bxf4 exf4 18. Kh2 Qd6 19. e5 Qc5 20. a4 Bd7
21. Rfc1 Nxe5 22. Nxe5 Rxe5 23. Qf1 Qd4 24. f3 Rea5 25. Qd1 Bxa4 26. Bxa4 Rxa4 27. Rxa4 Qxa4 28. Qxa4 Rxa4 29. Rxc7 g5 30. Rxb7 Rb4
31. Rb8+ Kg7 32. Rd8 Kf6 33. Rd6+ Ke7 34. Rh6 Rd4 35. Rxb6 Rxd3 36. Rb5 f6 37. Rb7+ Rd7 38. Rb4 Ke6 39. Re4+ Kf5 40. Rb4 Ke5
41. Re4+ Kf5=
1/2-1/2

[Event "March To Spring"]
[Site "SchemingMind.com"]
[Date "2017.05.06"]
[Round "-"]
[White "mikestefan1982"]
[Black "Mitch The Man"]
[Result "1-0"]
[WhiteCountry "ENG"]
[BlackCountry "USA"]
[WhiteElo "1638"]
[WhiteRD "75"]
[BlackElo "1428"]
[BlackRD "59"]
[GameID "413706"]

1. e4 e5 2. Bc4 g6 3. Nf3 Bg7 4. d3 Ne7 5. Bg5 O-O 6. Nc3 Kh8 7. Nd5 f6 8. Bh4 Nxd5 9. Bxd5 g5 10. Bg3 c6
11. Bb3 d6 12. Qd2 Qe7 13. O-O-O Be6 14. h4 g4 15. Nh2 d5 16. h5 h6 17. f3 f5 18. fxg4 fxg4 19. Qe2 Qd7 20. Rdf1 Rxf1+
21. Rxf1 Na6 22. exd5 cxd5 23. Bxe5 Bxe5 24. Qxe5+ Kh7 25. Re1 Nc5 26. d4 Ne4 27. Rxe4 Re8 28. Rf4 Qg7 29. Qxg7+ Kxg7 30. Nxg4 Bg8
31. Kd2 Re7 32. Ne3
1-0

[Event "March To Spring"]
[Site "SchemingMind.com"]
[Date "2017.05.06"]
[Round "-"]
[White "Kenny Elliott"]
[Black "mikestefan1982"]
[Result "1/2-1/2"]
[WhiteCountry "USA"]
[BlackCountry "ENG"]
[WhiteElo "1571"]
[WhiteRD "73"]
[BlackElo "1638"]
[BlackRD "75"]
[GameID "413707"]

1. d4 Nf6 2. c4 g6 3. Nc3 Bg7 4. Nf3 O-O 5. g3 c6 6. d5 cxd5 7. cxd5 e6 8. dxe6 dxe6 9. Bg5 Qxd1+ 10. Rxd1 Bd7
11. Bg2 Bc6 12. O-O Nbd7 13. Rd2 Nb6 14. Rb1 Nbd5 15. Nxd5 Bxd5 16. a3 Ne4 17. Rd3 Bc4 18. Re3 Nxg5 19. Nxg5 Bh6 20. h4 f6
21. Rc1 Bxe2 22. Rxe2 fxg5 23. hxg5 Bxg5 24. Rc7 Rfe8 25. Bxb7 Rab8 26. Bc6 Rec8 27. Rxc8+ Rxc8 28. Bd7 Rc1+ 29. Kg2 e5 30. Rxe5 Bf6
31. Re8+ Kf7 32. Ra8 Bd4 33. Rxa7 Bxb2 34. Bg4+ Kf6=
1/2-1/2

[Event "March To Spring"]
[Site "SchemingMind.com"]
[Date "2017.05.06"]
[Round "-"]
[White "mikestefan1982"]
[Black "Kenny Elliott"]
[Result "1-0"]
[WhiteCountry "ENG"]
[BlackCountry "USA"]
[WhiteElo "1638"]
[WhiteRD "75"]
[BlackElo "1571"]
[BlackRD "73"]
[GameID "413708"]

1. e4 c5 2. Nf3 d6 3. d4 cxd4 4. Nxd4 e5 5. Nf3 Bg4 6. Bb5+ Nc6 7. O-O Nf6 8. Nc3 Be7 9. Re1 O-O 10. a3 Bxf3
11. Qxf3 Nd4 12. Qd3 Ng4 13. Bc4 Nxf2 14. Kxf2 Bh4+ 15. g3 Qf6+ 16. Kg2 Qg6 17. Be3 Bf6 18. Nd5 h5 19. Nxf6+ gxf6 20. Bxd4 exd4
21. Qxd4 h4 22. Qxd6 hxg3 23. Qxg3 Rad8 24. Qxg6+
1-0

[Event "March To Spring"]
[Site "SchemingMind.com"]
[Date "2017.05.06"]
[Round "-"]
[White "ray winteringham"]
[Black "mikestefan1982"]
[Result "0-1"]
[WhiteCountry "ENG"]
[BlackCountry "ENG"]
[WhiteElo "1500"]
[WhiteRD "51"]
[BlackElo "1638"]
[BlackRD "75"]
[GameID "413709"]

1. e4 e5 2. Bc4 Nf6 3. d3 Bc5 4. Bxf7+ Kxf7 5. Bg5 d6 6. c3 Nc6 7. Nf3 Bg4 8. Qb3+ Kg6 9. h4 Bb6 10. Nbd2 Qd7
11. O-O-O Rab8 12. Rh2 Bxf2 13. Rdh1 h5 14. Nf1 Be6 15. c4 Bg4 16. N1d2 Bg3 17. c5 Bxh2 18. Nxh2 dxc5 19. Ndf3 Rhd8 20. Nxg4 Nxg4
21. Bxd8 Rxd8 22. Ng5 Nf2 23. Rf1 Nxd3+ 24. Kb1 Ndb4 25. Qc3 Qd3+ 26. Qxd3 Rxd3 27. a3 Na6 28. Ne6 Rg3 29. Nf8+ Kh6 30. Rf2 Rg4
31. Re2 Rxh4 32. g3 Rh1+ 33. Ka2 Nd4
0-1

[Event "March To Spring"]
[Site "SchemingMind.com"]
[Date "2017.05.06"]
[Round "-"]
[White "mikestefan1982"]
[Black "ray winteringham"]
[Result "0-1"]
[WhiteCountry "ENG"]
[BlackCountry "ENG"]
[WhiteElo "1638"]
[WhiteRD "75"]
[BlackElo "1500"]
[BlackRD "51"]
[GameID "413710"]

1. e4 c5 2. Nf3 Nc6 3. d4 d5 4. e5 e6 5. c3 Qb6 6. Bd3 cxd4 7. cxd4 f5 8. O-O Bd7 9. Bc2 O-O-O 10. Nc3 a6
11. Na4 Qa7 12. Bg5 Be7 13. Bxe7 Ngxe7 14. Nc5 h6 15. Qd2 Kb8 16. b4 b6 17. Nb3 g5 18. a4 Qb7 19. b5 axb5 20. axb5 Na7
21. Bd3 Nxb5 22. Ra2 Kc7 23. Qc2+ Bc6 24. Bxb5 Ra8 25. Rc1 Rxa2 26. Qxa2 Rc8 27. Ba6 Qa7 28. Qa4 Kd8 29. Rxc6 Rxc6 30. Bb5 Qxa4
31. Bxa4 Rc3 32. Nfd2 Ng6 33. g3 f4 34. Kg2 b5 35. Bxb5 f3+ 36. Kh3 h5 37. Nxf3 g4+ 38. Kg2 gxf3+ 39. Kf1 Rxb3
0-1

[Event "March To Spring"]
[Site "SchemingMind.com"]
[Date "2017.05.07"]
[Round "-"]
[White "mikestefan1982"]
[Black "Iucounu"]
[Result "1/2-1/2"]
[WhiteCountry "ENG"]
[BlackCountry "ENG"]
[WhiteElo "1638"]
[WhiteRD "75"]
[BlackElo "1537"]
[BlackRD "67"]
[GameID "413712"]

1. e4 Nf6 2. e5 Nd5 3. d4 d6 4. Nf3 Bg4 5. Be2 e6 6. O-O Be7 7. Re1 Nc6 8. c4 Nb6 9. b3 O-O 10. Nc3 dxe5
11. Nxe5 Nxe5 12. dxe5 Qxd1 13. Bxd1 Bxd1 14. Rxd1=
1/2-1/2

[Event "March To Spring"]
[Site "SchemingMind.com"]
[Date "2017.05.07"]
[Round "-"]
[White "Wojtek26"]
[Black "mikestefan1982"]
[Result "1-0"]
[WhiteCountry "POL"]
[BlackCountry "ENG"]
[WhiteElo "1567"]
[WhiteRD "50"]
[BlackElo "1638"]
[BlackRD "75"]
[GameID "413713"]

1. e4 e5 2. Nf3 Nf6 3. Nc3 Bc5 4. Bc4 Nc6 5. O-O O-O 6. Nb5 Nxe4 7. d3 Nf6 8. Bg5 a6 9. Nc3 b5 10. Bb3 Re8
11. Nd5 Ne7 12. Nxf6+ gxf6 13. Bxf6 d6 14. Nh4 Qd7 15. Qh5 Ng6 16. Qh6
1-0

[Event "March To Spring"]
[Site "SchemingMind.com"]
[Date "2017.05.07"]
[Round "-"]
[White "mikestefan1982"]
[Black "Wojtek26"]
[Result "1-0"]
[WhiteCountry "ENG"]
[BlackCountry "POL"]
[WhiteElo "1638"]
[WhiteRD "75"]
[BlackElo "1567"]
[BlackRD "50"]
[GameID "413714"]

1. e4 e5 2. Bc4 Nf6 3. d3 Bc5 4. Nf3 Nc6 5. O-O O-O 6. Bg5 h6 7. Bh4 Re8 8. Qd2 d6 9. Nc3 Bg4 10. Nd5 Nxd5
11. Bxd8
1-0

[Event "March To Spring"]
[Site "SchemingMind.com"]
[Date "2017.05.06"]
[Round "-"]
[White "mikestefan1982"]
[Black "newfischer78"]
[Result "1-0"]
[WhiteCountry "ENG"]
[BlackCountry "USA"]
[WhiteElo "1638"]
[WhiteRD "75"]
[BlackElo "1635"]
[BlackRD "85"]
[GameID "413715"]

1. e4 e5 2. Bc4 c6 3. Nf3 Bc5 4. Nxe5 d5 5. exd5 cxd5 6. Qf3 Be6 7. Nc3 Nf6 8. Bb5+ Nc6 9. Nxc6 bxc6 10. Bxc6+ Kf8
11. Bxa8 Qxa8 12. O-O Ke7 13. Re1 d4 14. Qxa8 Rxa8 15. Ne4 Nxe4 16. Rxe4 f5 17. Re1 Kf7 18. d3 h6 19. b3 Bb4 20. Re2 Bc3
21. Rb1 Rd8 22. Bb2 Bxb2 23. Rxb2 g5 24. Re5 f4 25. Rb1 Rc8 26. Re2 g4 27. Rbe1 Rc6 28. Rc1 f3 29. Re4 Rd6 30. gxf3 gxf3
31. Rf4+ Kg7 32. Rxf3 Bd5 33. Rf4 Rg6+ 34. Kf1 Bg2+ 35. Ke2 Re6+ 36. Kd2 Bh3 37. Rxd4 Rf6 38. Ke3 a6 39. Rg1+ Kf7 40. Rf4 Bf5
41. Rg3 a5 42. Rgf3 Kg6 43. c4 Re6+ 44. Kd4 Rd6+ 45. Kc3 Rf6 46. c5 Kg5 47. Rxf5+ Rxf5 48. Rxf5+ Kxf5 49. Kd4 Ke6 50. f4 Kd7
51. Kd5 h5 52. c6+ Ke7 53. f5 h4 54. f6+
1-0

[Event "March To Spring"]
[Site "SchemingMind.com"]
[Date "2017.05.06"]
[Round "-"]
[White "newfischer78"]
[Black "mikestefan1982"]
[Result "0-1"]
[WhiteCountry "USA"]
[BlackCountry "ENG"]
[WhiteElo "1635"]
[WhiteRD "85"]
[BlackElo "1638"]
[BlackRD "75"]
[GameID "413716"]

1. e4 e5 2. Nf3 Nf6 3. d3 Nc6 4. c3 Bc5 5. Bg5 O-O 6. d4 exd4 7. Nxd4 Nxd4 8. cxd4 Bb4+ 9. Nc3 d6 10. e5 dxe5
11. dxe5 Qxd1+ 12. Rxd1 Ng4 13. f4 Bf5 14. Bd3 Bxd3 15. Rxd3 Bc5 16. a3 Nf2 17. Rd5 Nxh1 18. Rxc5 f6 19. exf6 gxf6 20. Bh6 Rfe8+
21. Kf1 c6 22. Rc4 f5 23. Rc5 Kf7 24. Rxf5+ Kg6 25. g4 Kxh6 26. Kg2 Rf8 27. Rh5+ Kg6 28. Kxh1 Rxf4 29. h3 Raf8 30. Kg2 Rf2+
31. Kg3 R8f3+ 32. Kh4 Rh2 33. Rg5+ Kf6 34. Ne4+ Kf7 35. Rf5+ Rxf5 36. gxf5 Rxb2 37. Ng5+ Kg7 38. Kh5 Kf6 39. Nxh7+ Kxf5 40. Nf8 Rb3
41. h4 Rxa3 42. Kh6 c5 43. h5 c4 44. Kg7 c3 45. h6 c2 46. h7 Rh3 47. h8=Q Rxh8 48. Kxh8 c1=Q
0-1

[Event "March To Spring"]
[Site "SchemingMind.com"]
[Date "2017.05.27"]
[Round "-"]
[White "Mitch The Man"]
[Black "Sir Osis of the Liver"]
[Result "0-1"]
[WhiteCountry "USA"]
[BlackCountry "ENG"]
[WhiteElo "1385"]
[WhiteRD "59"]
[BlackElo "1553"]
[BlackRD "75"]
[GameID "414419"]

1. e4 e5 2. Nf3 Nc6 3. Bc4 Bc5 4. O-O Nf6 5. Ng5 O-O 6. Nxf7 Rxf7 7. Bxf7+ Kxf7 8. d3 d5 9. Nd2 Bg4 10. Qe1 dxe4
11. dxe4 Nd4 12. Qe3 Ne2+
0-1

[Event "March To Spring"]
[Site "SchemingMind.com"]
[Date "2017.05.27"]
[Round "-"]
[White "Sir Osis of the Liver"]
[Black "Mitch The Man"]
[Result "1-0"]
[WhiteCountry "ENG"]
[BlackCountry "USA"]
[WhiteElo "1553"]
[WhiteRD "75"]
[BlackElo "1385"]
[BlackRD "59"]
[GameID "414420"]

1. e4 e5 2. Nf3 d6 3. Bc4 Be7 4. h3 Bf6 5. d3 Ne7 6. O-O O-O 7. Nc3 c6 8. a3 h6 9. Be3 Bd7 10. Qd2 b5
11. Ba2 a5 12. Ne2 Qc8 13. Kh2 Kh7 14. Ng3 Ng8 15. Nh5 Be7 16. d4 g6 17. Ng3 Qc7 18. c3 Bf6 19. d5 c5 20. h4 a4
21. Rh1 Bg4 22. Kg1 Bxf3 23. gxf3 Bg7 24. Re1 h5 25. Bb1 f6 26. f4 Qd7 27. f5 Qf7 28. fxg6+ Qxg6 29. Kf1 Ne7 30. Rg1 Rh8
31. Nf5 Qxg1+ 32. Kxg1 Nxf5 33. exf5 Nd7 34. Bd3 c4 35. Kh2 cxd3 36. Qxd3 Rab8 37. f4 exf4 38. Bxf4 Ne5 39. Bxe5 fxe5 40. f6+ Kg8
41. fxg7 Rh6 42. Qf5 Kxg7 43. Qd7+
1-0

[Event "March To Spring"]
[Site "SchemingMind.com"]
[Date "2017.05.27"]
[Round "-"]
[White "Kenny Elliott"]
[Black "Sir Osis of the Liver"]
[Result "1-0"]
[WhiteCountry "USA"]
[BlackCountry "ENG"]
[WhiteElo "1537"]
[WhiteRD "71"]
[BlackElo "1553"]
[BlackRD "75"]
[GameID "414421"]

1. d4 d5 2. c4 dxc4 3. Nc3 Nf6 4. Bg5 Be6 5. e4 h6 6. Bxf6 exf6 7. Nf3 Bb4 8. Qa4+ Nc6 9. O-O-O Bxc3 10. bxc3 O-O
11. d5 Ne5 12. Nxe5 fxe5 13. dxe6 Qg5+ 14. Kb1 a6 15. Bxc4 Kh8 16. exf7 Qxg2 17. Qa5 Qxe4+ 18. Bd3 Qf4 19. Qxc7 Rxf7 20. Qc4 Qxc4
21. Bxc4 Rxf2 22. Bd5 Rf6 23. Ka1 Rb8 24. Rb1 b5 25. c4 b4 26. c5 a5 27. c6 Rc8 28. Rhc1 Rc7 29. Rc5 Rf2 30. Rxa5 Rxh2
31. Ra8+ Kh7 32. Be4+ g6 33. Rg1 Kg7 34. Rd8 Kf6 35. Rd7 Rc8 36. Rxg6#
1-0

[Event "March To Spring"]
[Site "SchemingMind.com"]
[Date "2017.05.27"]
[Round "-"]
[White "Sir Osis of the Liver"]
[Black "Kenny Elliott"]
[Result "1-0"]
[WhiteCountry "ENG"]
[BlackCountry "USA"]
[WhiteElo "1553"]
[WhiteRD "75"]
[BlackElo "1537"]
[BlackRD "71"]
[GameID "414422"]

1. e4 c5 2. Bc4 e6 3. a3 Qg5 4. Qf3 Nc6 5. Nh3 Qe5 6. Nc3 Nd4 7. Qd1 Nf6 8. d3 Be7 9. Bf4 Nxc2+ 10. Qxc2 Qd4
11. Nb5
1-0

[Event "March To Spring"]
[Site "SchemingMind.com"]
[Date "2017.05.27"]
[Round "-"]
[White "Sir Osis of the Liver"]
[Black "ray winteringham"]
[Result "1-0"]
[WhiteCountry "ENG"]
[BlackCountry "ENG"]
[WhiteElo "1553"]
[WhiteRD "75"]
[BlackElo "1481"]
[BlackRD "52"]
[GameID "414423"]

1. e4 e5 2. Nf3 Nc6 3. Bc4 Nf6 4. Nc3 Bc5 5. d3 d6 6. h3 Be6 7. O-O O-O 8. a3 a6 9. Ng5 h6 10. Nxe6 fxe6
11. Bxe6+ Kh8 12. Be3 Bxe3 13. fxe3 Ne7 14. d4 Ng6 15. d5 c6 16. Rf2 Qb6 17. Re2 Qxb2 18. Na4 Qb5 19. c3 Nxe4 20. Rb1 Qa5
21. Rxb7 Rab8 22. dxc6 Ne7 23. Rxe7 Rf6 24. c7 Ra8 25. c8=Q+ Rxc8 26. Bxc8 Ng3 27. Re8+ Kh7 28. Qc2+ e4 29. Rf2 Rxf2 30. Kxf2 Qg5
31. Bg4 Qg6 32. Rf8 Nh1+ 33. Kg1 Ng3 34. Nb6 d5 35. Nxd5 Qd6 36. Bf5+ g6 37. Bxe4 Qxf8 38. Bxg6+ Kh8 39. c4 Qf1+ 40. Kh2 Ne2
41. Qb2+ Kg8 42. Ne7+ Kf8 43. Qb8+ Kxe7 44. Qe5+ Kd8 45. Qd5+ Kc7 46. Qc5+ Kd7 47. Bf5+ Kd8 48. Qc8+ Ke7 49. Qe6+ Kf8 50. Qf6+
1-0

[Event "March To Spring"]
[Site "SchemingMind.com"]
[Date "2017.05.27"]
[Round "-"]
[White "ray winteringham"]
[Black "Sir Osis of the Liver"]
[Result "0-1"]
[WhiteCountry "ENG"]
[BlackCountry "ENG"]
[WhiteElo "1481"]
[WhiteRD "52"]
[BlackElo "1553"]
[BlackRD "75"]
[GameID "414424"]

1. e4 d5 2. e5 Nc6 3. d4 Bf5 4. Be2 e6 5. Bd2 Nxd4 6. Bd3 Bc5 7. Bxf5 Nxf5 8. Nf3 Nge7 9. O-O h6 10. b4 Bb6
11. Bc3 O-O 12. Nd4 Nxd4 13. Bxd4 Nc6 14. Bxb6 cxb6 15. f4 Nxb4 16. Nd2 Rc8 17. c3 Nd3 18. Qa4 a6 19. Qd4 Nc5 20. Nb3 Ne4
21. Rac1 a5 22. Rc2 Rc4 23. Qd1 b5 24. Nd4 Nxc3 25. Rxc3 Rxc3 26. Qd2 Qc8 27. Nxb5 Rc2 28. Qxa5 Qc5+ 29. Kh1 b6 30. Qa4 Rf2
31. Rxf2 Qc1+
0-1

[Event "March To Spring"]
[Site "SchemingMind.com"]
[Date "2017.05.27"]
[Round "-"]
[White "Sir Osis of the Liver"]
[Black "Iucounu"]
[Result "1-0"]
[WhiteCountry "ENG"]
[BlackCountry "ENG"]
[WhiteElo "1553"]
[WhiteRD "75"]
[BlackElo "1602"]
[BlackRD "57"]
[GameID "414425"]

1. e4 Nf6 2. e5 Nd5 3. d4 d6 4. Nf3 Bg4 5. Be2 e6 6. h3 Bf5 7. O-O Be7 8. Bd2 O-O 9. c4 Nb6 10. Nc3 h6
11. Bf4 d5 12. cxd5 Nxd5 13. Nxd5 Qxd5 14. Rc1 c6 15. Bc4 Qd7 16. Qd2 Kh7 17. g4 Be4 18. Nh2 Bd5 19. Bd3+ Kh8 20. Bxh6 Rg8
21. b3 a6 22. Bg5 Qd8 23. Bh6 g5 24. Qe3 f6 25. f4 gxf4 26. Qxf4 Qe8 27. exf6
1-0

[Event "March To Spring"]
[Site "SchemingMind.com"]
[Date "2017.05.28"]
[Round "-"]
[White "Sir Osis of the Liver"]
[Black "Wojtek26"]
[Result "0-1"]
[WhiteCountry "ENG"]
[BlackCountry "POL"]
[WhiteElo "1553"]
[WhiteRD "75"]
[BlackElo "1603"]
[BlackRD "50"]
[GameID "414427"]

1. e4 e5 2. Nf3 Nc6 3. Bc4 Nf6 4. Nc3 Bc5 5. O-O O-O 6. h3 d6 7. Na4 Nxe4 8. d3 Nxf2 9. Rxf2 Bxf2+ 10. Kxf2 Nd4
11. Nxd4 exd4 12. Kg1 Qh4 13. Qf3 Qe1+ 14. Kh2 Bd7 15. Bd5 c6 16. Be4 d5 17. Bf5 Bxf5 18. b3 Bg6 19. Bb2 Qe5+ 20. Kg1 Rae8
21. Nc5 Qc7 22. Bxd4 b6 23. Na4 h6 24. Rd1 Qe7 25. Nc3 Qd6 26. Na4 c5 27. Ba1 d4 28. Rf1 Re3 29. Qg4 Qe7 30. Nb2 Re8
31. Nc4 Re1
0-1

[Event "March To Spring"]
[Site "SchemingMind.com"]
[Date "2017.05.28"]
[Round "-"]
[White "Wojtek26"]
[Black "Sir Osis of the Liver"]
[Result "1-0"]
[WhiteCountry "POL"]
[BlackCountry "ENG"]
[WhiteElo "1608"]
[WhiteRD "51"]
[BlackElo "1623"]
[BlackRD "72"]
[GameID "414428"]

1. e4 d5 2. exd5 Nf6 3. c4 Bf5 4. Nc3 e6 5. Qf3 Bc5 6. dxe6 fxe6 7. Qxb7 Nbd7 8. Nb5 Bxf2+ 9. Kxf2 Ne4+ 10. Ke1 O-O
11. Nf3 Nec5 12. Qxc7 Qf6 13. Nfd4 Rfc8 14. Qf4 g5 15. Qf2 Qg6 16. Be2 Be4 17. Rg1 Bd3 18. b4 Ne4 19. Qe3 Bxe2 20. Qxe2 e5
21. Nf3 Nef6 22. Bb2 e4 23. Nfd4 Nb6 24. c5 Nbd5 25. Nd6 Nf4 26. Qc4+ N6d5 27. N6f5 Nd3+ 28. Kf1 Kh8 29. Qxd5 Rd8 30. Qb3 Nxb2
31. Qxb2 Qf6 32. Ke2 h5 33. Rgf1 a5 34. b5 Kh7 35. Ke3 Qe5 36. Nd6 Qxc5 37. Rf7+ Kg6 38. Nxe4 Re8 39. Rf6+ Kg7 40. Rc1 Qe5
41. Nf5+ Kg8 42. Nh6+ Kh7 43. Qxe5 Rxe5 44. Rc7+ Kh8 45. Nf7+
1-0

[Event "March To Spring"]
[Site "SchemingMind.com"]
[Date "2017.05.27"]
[Round "-"]
[White "Sir Osis of the Liver"]
[Black "mikestefan1982"]
[Result "0-1"]
[WhiteCountry "ENG"]
[BlackCountry "ENG"]
[WhiteElo "1553"]
[WhiteRD "75"]
[BlackElo "1677"]
[BlackRD "69"]
[GameID "414429"]

1. e4 e5 2. Nf3 Nf6 3. Nxe5 d6 4. Nxf7 Kxf7 5. d4 Be7 6. Nc3 Re8 7. Bc4+ Kf8 8. O-O Bg4 9. f3 Bh5 10. Qd3 Nc6
11. f4 Bg6 12. f5 Bf7 13. Bxf7 Kxf7 14. Qh3 Rh8 15. e5 dxe5 16. dxe5 Nxe5 17. Bf4 Neg4 18. Qg3 Bc5+ 19. Kh1 Qd4 20. Rad1 Nf2+
21. Rxf2 Qxf2 22. Qxf2 Bxf2 23. Bxc7 Rac8 24. Be5 Rhd8 25. Rf1 Rd2 26. Nb5 Rcxc2 27. Na3 Rc5 28. Bf4 Rxf5 29. Bxd2 Ne4 30. Be3 Ng3+
0-1

[Event "March To Spring"]
[Site "SchemingMind.com"]
[Date "2017.05.27"]
[Round "-"]
[White "mikestefan1982"]
[Black "Sir Osis of the Liver"]
[Result "1-0"]
[WhiteCountry "ENG"]
[BlackCountry "ENG"]
[WhiteElo "1677"]
[WhiteRD "69"]
[BlackElo "1553"]
[BlackRD "75"]
[GameID "414430"]

1. e4 d5 2. exd5 Nf6 3. Bb5+ c6 4. dxc6 bxc6 5. Ba4 e6 6. Nf3 Bd7 7. O-O Bd6 8. Nc3 O-O 9. d4 h6 10. Be3 Ng4
11. Bd2 Qf6 12. Ne4 Qe7 13. Nxd6 Qxd6 14. a3 Na6 15. Bb3 Nc7 16. Bb4 Qf4 17. Bxf8 Kxf8 18. h3 e5 19. hxg4 Bxg4 20. dxe5 Ne6
21. Bxe6 Bxe6 22. Qd6+ Kg8 23. Qxc6 Rc8 24. Qb7 Rxc2 25. Qxa7 Bg4 26. Qb8+ Kh7 27. Nh2 Be2 28. Qb3 Rd2 29. Rfe1 Bc4 30. Qe3 Qxe3
31. Rxe3 Rxb2 32. Rc3 Bd5 33. Rc7 h5 34. a4 h4 35. a5 Kg6 36. Rd7 Bc6 37. Rd8 Bb7 38. Rb8
1-0

[Event "March To Spring"]
[Site "SchemingMind.com"]
[Date "2017.05.27"]
[Round "-"]
[White "Sir Osis of the Liver"]
[Black "newfischer78"]
[Result "1-0"]
[WhiteCountry "ENG"]
[BlackCountry "USA"]
[WhiteElo "1553"]
[WhiteRD "75"]
[BlackElo "1636"]
[BlackRD "85"]
[GameID "414431"]

1. e4 e5 2. Nf3 Nc6 3. Bc4 Bc5 4. a3 Nh6 5. d3 Ng4 6. O-O O-O 7. Nc3 Nd4 8. Nxd4 exd4 9. Na4 d6 10. Nxc5 dxc5
11. h3 Ne5 12. Ba2 Be6 13. f4 Nc6 14. Bxe6 fxe6 15. f5 e5 16. Qg4 Qd6 17. Bd2 b6 18. Rf2 g6 19. Bh6 Rf6 20. h4 Ne7
21. h5 c4 22. Raf1 cxd3 23. cxd3 c5 24. fxg6 Rxf2 25. gxh7+ Kf7 26. Rxf2+
1-0

[Event "March To Spring"]
[Site "SchemingMind.com"]
[Date "2017.05.27"]
[Round "-"]
[White "newfischer78"]
[Black "Sir Osis of the Liver"]
[Result "1-0"]
[WhiteCountry "USA"]
[BlackCountry "ENG"]
[WhiteElo "1636"]
[WhiteRD "85"]
[BlackElo "1553"]
[BlackRD "75"]
[GameID "414432"]

1. e4 d5 2. exd5 Nf6 3. Nc3 Bf5 4. d3 e6 5. dxe6 fxe6 6. Bg5 Be7 7. Nf3 Nc6 8. Qe2 O-O 9. O-O-O h6 10. Bxf6 Bxf6
11. h3 Qe7 12. d4 Rad8 13. Qc4 Nxd4 14. Nxd4 Bg6 15. Qxe6+ Rf7 16. Bc4 Rd6 17. Qxe7 Bxe7 18. Bxf7+ Kxf7 19. Nf3 Ra6 20. Ne5+ Kf6
21. Nxg6 Kxg6 22. Rd7 Bd6 23. a3 Kf6 24. Ne4+ Ke6 25. Rxg7 Be5 26. Rg6+ Kf5 27. Rxa6
1-0